Multiversus Fighters Quiz - Statistics

General Stats
  • This quiz has been taken 24 times
  • The average score is 15 of 23
Answer Stats
Answer % Correct
Batman
100%
Superman
92%
Bugs Bunny
83%
Wonder Woman
83%
Morty
75%
Rick
75%
Shaggy
75%
The Iron Giant
75%
Velma
75%
Finn the Human
67%
Jake the Dog
67%
Taz
67%
Arya Stark
58%
Harley Quinn
58%
Steven Universe
58%
Black Adam
50%
Marvin the Martian
50%
Reindog
50%
Garnet
42%
Gizmo
42%
Stripe
42%
Tom and Jerry
42%
LeBron
33%
No matching quizzes found
Score Distribution
Percent of People with Each Score
Percentile by Number Answered
Your Score History
You have not taken this quiz